Statistics for The Most Popular Video Games

Click here to take the quiz!

General Stats

  • This quiz has been taken 101 times
  • The average score is 3 of 20

Answer Stats

PlaceAnswer% Correct
3rdFortnite
85%
2ndMinecraft
85%
10thRoblox
51%
11thLeague of Legends
23%
9thRocket League
13%
4thGrand Theft Auto V
11%
8thOverwatch
11%
1stCall Of Duty Warzone
5%
18thCall of Duty Black Ops II
1%
15thSuper Mario Odyssey
1%
6thSuper Smash Bros Ultimate
1%
16thThe Legend of Zelda Breath of The Wild
1%
5thTom Clancy's Rainbow Six Siege
1%
14thCall Of Duty Black Ops IIII
0%
13thCounter-Strike Global Offensive
0%
12thPlayerUnknown's Battlegrounds [PUBG]
0%
7thRed Dead Redemption II
0%
17thSpider Man 2018
0%
20thSuper Smash Bros for Wii U
0%
19thThe Elder Scrolls V Skyrim
0%

Score Distribution

Percentile by Number Answered

Percent of People with Each Score

Your Score History

You have not taken this quiz